تاریخ تحریک آزادی ہند (Record no. 68181)
[ view plain ]
| 000 -LEADER | |
|---|---|
| fixed length control field | 00518nam a22001697a 4500 |
| 005 - DATE AND TIME OF LATEST TRANSACTION | |
| control field | 20150325115241.0 |
| 008 - FIXED-LENGTH DATA ELEMENTS--GENERAL INFORMATION | |
| fixed length control field | 150325b xxu||||| |||| 00| 0 eng d |
| 040 ## - CATALOGING SOURCE | |
| Transcribing agency | PK-LaUMT |
| 082 ## - DEWEY DECIMAL CLASSIFICATION NUMBER | |
| Classification number | KHC 954.0359 |
| Item number | TAR-T |
| 100 ## - MAIN ENTRY--PERSONAL NAME | |
| Personal name | تارا چند |
| 245 ## - TITLE STATEMENT | |
| Title | تاریخ تحریک آزادی ہند |
| Statement of responsibility, etc | تاراچند |
| 260 ## - PUBLICATION, DISTRIBUTION, ETC. (IMPRINT) | |
| Place of publication, distribution, etc | نئی دہلی |
| Name of publisher, distributor, etc | قومی کونسل برائے فروغ اردو زبان |
| Date of publication, distribution, etc | 2001 |
| 300 ## - PHYSICAL DESCRIPTION | |
| Extent | 762 ص |
| 490 ## - SERIES STATEMENT | |
| Volume number/sequential designation | جلد(سوم |
| 700 ## - ADDED ENTRY--PERSONAL NAME | |
| Personal name | عدیل عباسی(مترجم |
| 942 ## - ADDED ENTRY ELEMENTS (KOHA) | |
| Koha item type | Books |
| Withdrawn status | Lost status | Damaged status | Home library | Current library | Date acquired | Full call number | Barcode | Date last seen | Price effective from | Koha item type |
|---|---|---|---|---|---|---|---|---|---|---|
| UMT Main Campus | UMT Main Campus | 2015-03-25 | KHC 954.0359 TAR-T | 73841 | 2015-03-25 | 2015-03-25 | Books |
